Biological nitrogen fixation: Recent developments (Record no. 39769)

MARC details
000 -LEADER
fixed length control field 00332nam a2200121Ia 4500
082 ## - DEWEY DECIMAL CLASSIFICATION NUMBER
Classification number 631.461.5:57
Item number SUB
245 #0 - TITLE STATEMENT
Title Biological nitrogen fixation: Recent developments
260 ## - PUBLICATION, DISTRIBUTION, ETC. (IMPRINT)
Place of publication New Delhi
Name of publisher Oxford & IBH
Year of publication 1988
650 ## - SUBJECT ADDED ENTRY--TOPICAL TERM
Topical Term Nitrogen fixation
700 ## - ADDED ENTRY--PERSONAL NAME
Personal name SUBBARAO
942 ## - ADDED ENTRY ELEMENTS (KOHA)
Koha item type Books
Holdings
Withdrawn status Lost status Damaged status Not for loan Home library Current library Date acquired Full call number Accession Number Koha item type
        RRII Library RRII Library 16/12/2021 631.461.5:57 SUB 20088 Books